000 00508nam a2200217Ia 4500
003 OSt
005 20220924151358.0
006 a|||||r|||| 00| 0
007 ta
008 ori
024 _a337501
037 _cTextual
040 _aARTS
_cARTS
_bori
041 _2ori
_aori
082 _aO1591,2N33,1, K6
100 _aSatapathy Narayan
_9214561
245 0 _aSahasra sikha
260 _c1959
942 _hO1591,2N33,1, K6
_cTEXL
_2CC
999 _c466409
_d466409